UM Logo

Feature extraction method of series arc fault occurred in three-phase motor with inverter circuit / (Record no. 19916)

MARC details
000 -LEADER
fixed length control field 01052nam a22002417a 4500
003 - CONTROL NUMBER IDENTIFIER
control field OSt
005 - DATE AND TIME OF LATEST TRANSACTION
control field 20250918165316.0
008 - FIXED-LENGTH DATA ELEMENTS--GENERAL INFORMATION
fixed length control field 240401b ||||| |||| 00| 0 eng d
040 ## - CATALOGING SOURCE
Transcribing agency 0
082 ## - DEWEY DECIMAL CLASSIFICATION NUMBER
Classification number DPer 621.381 In821 September 2022 v. 37 n. 9
100 ## - MAIN ENTRY--PERSONAL NAME
Personal name Gao, Hongxin.
Relator term author.
9 (RLIN) 55609
245 ## - TITLE STATEMENT
Title Feature extraction method of series arc fault occurred in three-phase motor with inverter circuit /
Statement of responsibility, etc. Hongxin Gao, Zhiyong Wang, Congxin Han, Aixia Tang, Fengyi Guo, and Baifu Li.
260 ## - PUBLICATION, DISTRIBUTION, ETC. (IMPRINT)
Place of publication, distribution, etc. New York ;
Name of publisher, distributor, etc. The Institute of Electrical and Electronics Engineers, Inc. ,
Date of publication, distribution, etc. September 2022.
300 ## - PHYSICAL DESCRIPTION
Extent Volume 37, pages 11164-11173 :
Other physical details illustration ;
Dimensions 28 cm.
500 ## - GENERAL NOTE
General note IEEE Transitions on Power Electronics, v. 37 n. 9, pages 11164-11173, September 2022.
700 ## - ADDED ENTRY--PERSONAL NAME
Personal name Gao, Hongxin.
Relator term author.
9 (RLIN) 55609
700 ## - ADDED ENTRY--PERSONAL NAME
Personal name Wang, Zhiyong.
Relator term author.
9 (RLIN) 55610
700 ## - ADDED ENTRY--PERSONAL NAME
Personal name Han, Congxin.
Relator term author.
9 (RLIN) 55611
700 ## - ADDED ENTRY--PERSONAL NAME
Personal name Tang, Aixia.
Relator term author.
9 (RLIN) 55612
700 ## - ADDED ENTRY--PERSONAL NAME
Personal name Guo, Fengyi.
Relator term author.
9 (RLIN) 55613
700 ## - ADDED ENTRY--PERSONAL NAME
Personal name Li, Baifu.
Relator term author.
9 (RLIN) 55614
942 ## - ADDED ENTRY ELEMENTS (KOHA)
Source of classification or shelving scheme Dewey Decimal Classification
Koha item type Periodicals
Holdings
Withdrawn status Lost status Source of classification or shelving scheme Damaged status Not for loan Collection code Home library Current library Date acquired Total Checkouts Full call number Date last seen Price effective from Koha item type Public note
    Dewey Decimal Classification     Periodicals UM Digos College - LIC UM Digos College - LIC 04/01/2024   DPer 621.381 In821 September 2022 v. 37 n. 9 04/01/2024 04/01/2024 Periodicals Periodical Article